Cơ học ứng dụng Giáo trình dùng cho sinh viên các trường Cao Đẳng Sư Phạm Tập 2

Những khái niệm mở đầu của cơ học rắn biến dạng; kéo đúng tâm; trạng thái ứng suất; cắt và dập; xoắn thanh thẳng...

Salvato in:
Dettagli Bibliografici
Autore principale: Nguyễn Xuân Lạc
Ente Autore: Chủ biên
Altri autori: Đỗ Như Lân
Natura: Libro
Lingua:Vietnamese
Pubblicazione: H. Giáo dục 2000
Soggetti:
Tags: Aggiungi Tag
Nessun Tag, puoi essere il primo ad aggiungerne! !
Thư viện lưu trữ: Mạng thư viện Đại học Đà Nẵng
LEADER 01368nam a2200373 4500
001 000008357
003 4544
005 20111117081144.0
008 111017s2000 viesd
020 |c 12600đ 
041 0 |a vie 
082 |a 531.38  |b NG-L 
100 0 |a Nguyễn Xuân Lạc 
110 |a Chủ biên 
245 1 0 |a Cơ học ứng dụng  |b Giáo trình dùng cho sinh viên các trường Cao Đẳng Sư Phạm  |c NGuyễn Xuân Lạc, Đỗ Như Lân  |n Tập 2 
260 |a H.  |b Giáo dục  |c 2000 
300 |a 135tr  |c 27cm 
520 |a Những khái niệm mở đầu của cơ học rắn biến dạng; kéo đúng tâm; trạng thái ứng suất; cắt và dập; xoắn thanh thẳng... 
653 |a Giáo trình 
653 |a Cơ học 
653 |a Ứng dụng 
700 |a Đỗ Như Lân 
773 |t Cơ học ứng dụng  |w 4540 
910 |a Thương  |d 17/10/2011 
OWN |a LSP 
AVA |a UDN50  |b LSP  |d 531.38 NG-L  |e available  |t Error 5001 Not defined in file expand_doc_bib_avail.  |f 1  |g 0  |h N  |i 0  |k 1 
999 |a From the UDN01 
AVA |a UDN50  |b LSP  |d 531.38 NG-L  |e available  |t Error 5001 Not defined in file expand_doc_bib_avail.  |f 1  |g 0  |h N  |i 0  |k 1 
TYP |a Monograph 
TYP |a Printed language 
980 |a Mạng thư viện Đại học Đà Nẵng